<?xml version="1.0" encoding="UTF-8"?>
<record
    xmlns:xsi="http://www.w3.org/2001/XMLSchema-instance"
    xsi:schemaLocation="http://www.loc.gov/MARC21/slim http://www.loc.gov/standards/marcxml/schema/MARC21slim.xsd"
    xmlns="http://www.loc.gov/MARC21/slim">

  <leader>01814    a2200217   4500</leader>
  <controlfield tag="003">Nust</controlfield>
  <controlfield tag="005">20220818154914.0</controlfield>
  <datafield tag="010" ind1=" " ind2=" ">
    <subfield code="a"> 99208506</subfield>
  </datafield>
  <datafield tag="020" ind1=" " ind2=" ">
    <subfield code="a">085296899X</subfield>
  </datafield>
  <datafield tag="040" ind1=" " ind2=" ">
    <subfield code="c">Nust</subfield>
  </datafield>
  <datafield tag="082" ind1=" " ind2=" ">
    <subfield code="a">621.3825,SAT</subfield>
  </datafield>
  <datafield tag="100" ind1=" " ind2=" ">
    <subfield code="a">Evans, B.G.,</subfield>
    <subfield code="9">98084</subfield>
  </datafield>
  <datafield tag="245" ind1=" " ind2=" ">
    <subfield code="a">Satellite communication systems</subfield>
    <subfield code="c">B.G. Evans</subfield>
  </datafield>
  <datafield tag="250" ind1=" " ind2=" ">
    <subfield code="a">3rd ed</subfield>
  </datafield>
  <datafield tag="260" ind1=" " ind2=" ">
    <subfield code="a">London, U.K.</subfield>
    <subfield code="b">Institution of Electrical Engineers,</subfield>
    <subfield code="c">1999</subfield>
  </datafield>
  <datafield tag="300" ind1=" " ind2=" ">
    <subfield code="a">xxvi, 727 p</subfield>
    <subfield code="b">ill. ;</subfield>
    <subfield code="c">25 cm</subfield>
  </datafield>
  <datafield tag="505" ind1=" " ind2=" ">
    <subfield code="a">Introduction (Page-1), Historical overview of satellite communications (Page19)3.the satellite communications business(Page-37), Radio regulatory considerations relating to satellite communications systems(Page-69), Introduction to antennas (Page-83), Propagation consideration relating to satellite communications systems (Page-99), Interference considerations relating to satellite communications systems (Page- 117), Satellite access techniques (Page- 127), Modulations and modems (Page-157), Channel coding (Page- 183), Satellite system planning (Page-199), Earth station engineering (Page-223), Satellite engineering for communication satellites (Page-245), Payload engineering (Page-289), Earth station and satellite antennas (Page-321), Satellite networking (Page-347), Digital audio broadcasting by satellite (Page- 377), Digital video broadcasting by satellite (Page-397), Mobile satellite communications (Page-457), Satellite personal communication networks (Page-499), Satellite navigation a brief introduction (Page-539), VSATs for business systems (Page-553), Military satellite communications (Page-583), Microsatellites and minisatellite for affordable access to space (Page-621), Future trends in satellite communications (Page-647).</subfield>
  </datafield>
  <datafield tag="600" ind1=" " ind2=" ">
    <subfield code="a">Evans, B.G.,</subfield>
    <subfield code="9">98084</subfield>
  </datafield>
  <datafield tag="650" ind1=" " ind2=" ">
    <subfield code="a">Satellite communication</subfield>
    <subfield code="9">80849</subfield>
  </datafield>
  <datafield tag="942" ind1=" " ind2=" ">
    <subfield code="2">ddc</subfield>
    <subfield code="c">BK</subfield>
  </datafield>
  <datafield tag="999" ind1=" " ind2=" ">
    <subfield code="c">188236</subfield>
    <subfield code="d">188236</subfield>
  </datafield>
  <datafield tag="952" ind1=" " ind2=" ">
    <subfield code="0">0</subfield>
    <subfield code="1">0</subfield>
    <subfield code="2">ddc</subfield>
    <subfield code="4">0</subfield>
    <subfield code="7">0</subfield>
    <subfield code="a">MCS</subfield>
    <subfield code="b">MCS</subfield>
    <subfield code="c">REF</subfield>
    <subfield code="d">2016-12-12</subfield>
    <subfield code="l">2</subfield>
    <subfield code="o">621.3825,SAT</subfield>
    <subfield code="p">MCS28263</subfield>
    <subfield code="q">2023-08-02</subfield>
    <subfield code="r">2023-04-04</subfield>
    <subfield code="s">2023-04-04</subfield>
    <subfield code="w">2016-12-12</subfield>
    <subfield code="y">BK</subfield>
    <subfield code="z">Almirah No.23, Shelf No.1</subfield>
  </datafield>
</record>
